MLB Baseball Most Saves by Franchise - Statistics

General Stats
  • This quiz has been taken 138 times
  • The average score is 13 of 30
Answer Stats
Team Answer Saves % Correct
New York Yankees Mariano Rivera 652
99%
San Diego Padres Trevor Hoffman 552
87%
Oakland Athletics Dennis Eckersley 320
78%
Chicago Cubs Lee Smith 180
73%
New York Mets John Franco 276
68%
Los Angeles Dodgers Kenley Jansen 350
66%
Atlanta Braves Craig Kimbrel 186
58%
Boston Red Sox Jonathan Papelbon 219
54%
Philadelphia Phillies Jonathan Papelbon 123
54%
Houston Astros Billy Wagner 225
51%
Minnesota Twins Joe Nathan 260
48%
Toronto Blue Jays Tom Henke 217
48%
Miami Marlins Robb Nen 108
47%
San Francisco Giants Robb Nen 206
47%
Los Angeles Angels Troy Percival 316
43%
Detroit Tigers Todd Jones 235
42%
Washington Nationals Jeff Reardon 152
38%
St. Louis Cardinals Jason Isringhausen 217
37%
Chicago White Sox Bobby Thigpen 201
31%
Tampa Bay Rays Roberto Hernandez 101
30%
Kansas City Royals Jeff Montgomery 304
25%
Arizona Diamondbacks Jose Valverde 98
24%
Texas Rangers John Wetteland 150
23%
Baltimore Orioles Gregg Olson 160
20%
Seattle Mariners Kazuhiro Sasaki 129
18%
Cincinnati Reds Danny Graves 182
14%
Colorado Rockies Brian Fuentes 115
12%
Cleveland Indians Cody Allen 149
9%
Milwaukee Brewers Dan Plesac 133
9%
Pittsburgh Pirates Roy Face 186
8%
No matching quizzes found
Score Distribution
Percent of People with Each Score
Percentile by Number Answered
Your Score History
You have not taken this quiz